书目信息 |
| 书名: | Social welfare | |
| 作者: | Diana M. DiNitto. | |
| 分册号: | ||
| 分册名: | 出版地: | Boston : |
|
| 出版社: | Allyn and Bacon | |
| 出版时间: | c1995. | |
| 页数: | xii, 436 p. : | |
| 开本: | 24 cm. | |
| 丛书名: | ||
| 中图分类号: | ||
| 科图分类号: | ||
| 其他分类号: | C914 | |
| 主题词: | ||
| 电子资源: | ||
| 000 | 01055pam a2200301 a 450 | |
| 001 | E0731119874 | |
| 005 | 20070514085513.79 | |
| 008 | 940707s1995 maua b 001 0 eng | |
| 010 | @a94029493 | |
| 020 | @a0130638196 (acid-free paper) :@c$33.00. | |
| 035 | @A(DLC) 94029493 | |
| 040 | @aDLC@cDLC@dDLC | |
| 043 | @an-us--- | |
| 050 | 00 | @aHV95@b.D56 1995 |
| 082 | 00 | @a361.6/13/0973@2 20 |
| 090 | @aC914 | |
| 099 | @dC914@ex178=4 | |
| 100 | 1 | @aDiNitto, Diana M. |
| 245 | 10 | @aSocial welfare :@bpolitics and public policy / @cDiana M. DiNitto. |
| 250 | @a4th ed. | |
| 260 | @aBoston :@bAllyn and Bacon,@cc1995. | |
| 300 | @axii, 436 p. :@bill. ;@c24 cm. | |
| 504 | @aIncludes bibliographical references and index. | |
| 650 | 0 | @aPublic welfare@zUnited States. |
| 651 | 0 | @aUnited States@xSocial policy. |
| 906 | @a7@bcbc@corignew@d1@eocip@f19@gy-gencatlg | |
| 955 | @apc18 to sa00 07-07-94; sd05 7-8-94;sd06 07-11-94; CIP ver. sf14 03-09-95; CIP ver. sf14 03-09-95 | |
| 991 | @bc-GenColl@hHV95@i.D56 1995@p00020904240@tCopy 1@wBOOKS | |
| Social welfare : : politics and public policy / / Diana M. DiNitto.-4th ed.-Boston : : Allyn and Bacon, , c1995. |
| xii, 436 p. : : ill. ; ; 24 cm. |
| Includes bibliographical references and index. |
| ISBN 0130638196 (acid-free paper) :$33.00. |
| ● |
| 相关链接 |
|
|
|
|
正题名:Social welfare
索取号:C914/x178=4
 
预约/预借
| 序号 | 登录号 | 条形码 | 馆藏地/架位号 | 状态 | 备注 |
| 1 | 8596 | 300085967 | 第二样本阅览室/ [索取号:C914/x178=4] | 在馆 | |
| 2 | 8597 | 300085976 | 第四借阅区/ [索取号:C914/x178=4] | 在馆 |